Introducción a la junta por penetración en madera de laurel (Cordia alliodora)
Salvato in:
| Autore principale: | |
|---|---|
| Natura: | Libro |
| Pubblicazione: |
[San José , Costa Rica]
1986
|
| Soggetti: | |
| Tags: |
Aggiungi Tag
Nessun Tag, puoi essere il primo ad aggiungerne!!
|
MARC
| LEADER | 00000nam a2200000Ia 4500 | ||
|---|---|---|---|
| 003 | 004082 | ||
| 005 | 20221231144353.0 | ||
| 008 | 140114s1986 cr a m 000 ||s d | ||
| 040 | |c cru CEDI | ||
| 090 | |a TFG 1847 | ||
| 100 | |a Rodríguez Meza, Carlos Roberto |9 14099 | ||
| 245 | |a Introducción a la junta por penetración en madera de laurel (Cordia alliodora) | ||
| 260 | |c 1986 |a [San José , Costa Rica] | ||
| 300 | |a viii, 61 hojas : ilustraciones ; 28 cm | ||
| 500 | |a Proyecto de graduación (licenciatura en ingeniería civil)--Universidad de Costa Rica. Facultad de Ingeniería. Escuela de Ingeniería Civil | ||
| 650 | |x CONSTRUCCIONES DE MADERA |x LAUREL |9 14100 | ||
| 942 | |c TFG | ||
| 999 | |c 20877 |d 20877 | ||
